European Countries Entirely South of the UK - Statistics

General Stats
  • This quiz has been taken 20 times
  • The average score is 24 of 26
Answer Stats
Answer % Correct
Greece
100%
Portugal
100%
Spain
100%
Albania
94%
Andorra
94%
Austria
94%
Bulgaria
94%
Croatia
94%
Kosovo
94%
Malta
94%
Moldova
94%
Monaco
94%
Romania
94%
Slovenia
94%
Vatican City
94%
Bosnia and Herzegovina
88%
Italy
88%
Liechtenstein
88%
Montenegro
88%
(North) Macedonia
88%
San Marino
88%
Serbia
88%
Slovakia
88%
Switzerland
88%
Hungary
82%
Luxembourg
82%
No matching quizzes found
Score Distribution
Percent of People with Each Score
Percentile by Number Answered
Your Score History
You have not taken this quiz